<?xml version="1.0" encoding="UTF-8"?><?xml-stylesheet type="text/xsl" href="static/style.xsl"?><OAI-PMH xmlns="http://www.openarchives.org/OAI/2.0/" xmlns:xsi="http://www.w3.org/2001/XMLSchema-instance" xsi:schemaLocation="http://www.openarchives.org/OAI/2.0/ http://www.openarchives.org/OAI/2.0/OAI-PMH.xsd"><responseDate>2026-04-29T11:42:11Z</responseDate><request verb="GetRecord" identifier="oai:riubu.ubu.es:10259/11363" metadataPrefix="marc">https://riubu.ubu.es/oai/request</request><GetRecord><record><header><identifier>oai:riubu.ubu.es:10259/11363</identifier><datestamp>2026-02-16T08:50:06Z</datestamp><setSpec>com_10259_4725</setSpec><setSpec>com_10259_5086</setSpec><setSpec>com_10259_2604</setSpec><setSpec>col_10259_4726</setSpec></header><metadata><record xmlns="http://www.loc.gov/MARC21/slim" xmlns:doc="http://www.lyncode.com/xoai" xmlns:xsi="http://www.w3.org/2001/XMLSchema-instance" xmlns:dcterms="http://purl.org/dc/terms/" xsi:schemaLocation="http://www.loc.gov/MARC21/slim http://www.loc.gov/standards/marcxml/schema/MARC21slim.xsd">
<leader>00925njm 22002777a 4500</leader>
<datafield tag="042" ind1=" " ind2=" ">
<subfield code="a">dc</subfield>
</datafield>
<datafield tag="720" ind1=" " ind2=" ">
<subfield code="a">Covre, Eduardo Rocha</subfield>
<subfield code="e">author</subfield>
</datafield>
<datafield tag="720" ind1=" " ind2=" ">
<subfield code="a">Laranjeira, Carlos</subfield>
<subfield code="e">author</subfield>
</datafield>
<datafield tag="720" ind1=" " ind2=" ">
<subfield code="a">Carreira, Lígia</subfield>
<subfield code="e">author</subfield>
</datafield>
<datafield tag="720" ind1=" " ind2=" ">
<subfield code="a">Höring, Carla Franciele</subfield>
<subfield code="e">author</subfield>
</datafield>
<datafield tag="720" ind1=" " ind2=" ">
<subfield code="a">Góes, Herbert Leopoldo de Freitas</subfield>
<subfield code="e">author</subfield>
</datafield>
<datafield tag="720" ind1=" " ind2=" ">
<subfield code="a">Baldissera, Vanessa Denardi Antoniassi</subfield>
<subfield code="e">author</subfield>
</datafield>
<datafield tag="720" ind1=" " ind2=" ">
<subfield code="a">Marques, Priscila Garcia</subfield>
<subfield code="e">author</subfield>
</datafield>
<datafield tag="720" ind1=" " ind2=" ">
<subfield code="a">Meireles, Viviani Camboin</subfield>
<subfield code="e">author</subfield>
</datafield>
<datafield tag="720" ind1=" " ind2=" ">
<subfield code="a">Tostes, Maria Fernanda do Prado</subfield>
<subfield code="e">author</subfield>
</datafield>
<datafield tag="720" ind1=" " ind2=" ">
<subfield code="a">Oliveira, Rosana Rosseto de</subfield>
<subfield code="e">author</subfield>
</datafield>
<datafield tag="720" ind1=" " ind2=" ">
<subfield code="a">Paiano, Marcelle</subfield>
<subfield code="e">author</subfield>
</datafield>
<datafield tag="720" ind1=" " ind2=" ">
<subfield code="a">Ageno, Rosella Santoro</subfield>
<subfield code="e">author</subfield>
</datafield>
<datafield tag="720" ind1=" " ind2=" ">
<subfield code="a">Moroskoski, Márcia</subfield>
<subfield code="e">author</subfield>
</datafield>
<datafield tag="720" ind1=" " ind2=" ">
<subfield code="a">Puente Alcaraz, Jesús</subfield>
<subfield code="e">author</subfield>
</datafield>
<datafield tag="720" ind1=" " ind2=" ">
<subfield code="a">Vissoci, João Ricardo Nickenig</subfield>
<subfield code="e">author</subfield>
</datafield>
<datafield tag="720" ind1=" " ind2=" ">
<subfield code="a">Facchini, Luiz Augusto</subfield>
<subfield code="e">author</subfield>
</datafield>
<datafield tag="720" ind1=" " ind2=" ">
<subfield code="a">Salci, Maria Aparecida</subfield>
<subfield code="e">author</subfield>
</datafield>
<datafield tag="260" ind1=" " ind2=" ">
<subfield code="c">2025-11</subfield>
</datafield>
<datafield tag="520" ind1=" " ind2=" ">
<subfield code="a">Introduction: Since the onset of the pandemic in early 2020, various reports have emerged regarding persistent symptomsassociated with Covid‐19. Nevertheless, there is insufficient data on the persistence of symptoms over time. This study sought toestimate the prevalence of persistent symptoms 12 months after Covid‐19 infection and identify predictors of long Covid inadults living in the State of Paraná, southern Brazil, according to the level of severity of Covid‐19 infection.Method: An observational and cross‐sectional survey was conducted with Brazilian adults diagnosed with Covid‐19, as assessedfrom data available in two official Covid‐19 notification databases in Brazil, using telephone interviews. Descriptive statistics,tests of associations and simple and multiple binary logistic regression analysis were used to identify predictors of long Covid.Results: In total, 1033 adults participated in the study. The overall prevalence of long Covid was 60.3% (n = 623). Prevalencewas higher in women (67.7%), people aged between 50 and 59 years (65.8%) and in individuals who received treatment in anIntensive Care Unit (ICU) during the acute phase of Covid‐19 infection (74.4%, n = 241). The risk factors associated with agreater chance of developing long Covid were: female (OR 2.38; 95% CI 1.55; 3.66), living in the Brazilian northwest healthmacro‐region (OR 2.20; 95% CI 1.21; 4.00), presenting multimorbidity (OR 1.86; 95% CI 1.06; 3.28), having an average of sixsymptoms in the acute phase of Covid‐19 (OR 1.22; 95% CI 1.17; 1.28) and having received treatment in an ICU (OR 4.86; 95%CI 2.83; 8.35) and inpatient ward (OR 2.45; 95% CI 1.47; 4.09)</subfield>
</datafield>
<datafield tag="024" ind2=" " ind1="8">
<subfield code="a">1369-6513</subfield>
</datafield>
<datafield tag="024" ind2=" " ind1="8">
<subfield code="a">https://hdl.handle.net/10259/11363</subfield>
</datafield>
<datafield tag="024" ind2=" " ind1="8">
<subfield code="a">10.1111/hex.70467</subfield>
</datafield>
<datafield tag="024" ind2=" " ind1="8">
<subfield code="a">1369-7625</subfield>
</datafield>
<datafield ind1=" " ind2=" " tag="653">
<subfield code="a">Adults</subfield>
</datafield>
<datafield ind1=" " ind2=" " tag="653">
<subfield code="a">Brazil</subfield>
</datafield>
<datafield ind1=" " ind2=" " tag="653">
<subfield code="a">COVID-19</subfield>
</datafield>
<datafield ind1=" " ind2=" " tag="653">
<subfield code="a">Long Covid</subfield>
</datafield>
<datafield ind1=" " ind2=" " tag="653">
<subfield code="a">Predictors</subfield>
</datafield>
<datafield ind1=" " ind2=" " tag="653">
<subfield code="a">Prevalence</subfield>
</datafield>
<datafield tag="245" ind1="0" ind2="0">
<subfield code="a">Prevalence and Predictors of Long Covid in a Cohort of Brazilian Adults 12 Months After Acute Infection: A Cross‐Sectional Study</subfield>
</datafield>
</record></metadata></record></GetRecord></OAI-PMH>